Srovnání inovační činnosti průmyslových podniků v letech 1989 až 1991.
Prehľad základných analytických záverov troch dotazníkových prieskumov o celkovej inovačnej činnosti podnikov spracovateľského priemyslu, ktorú uskutočnil INFOSTAT, pobočka Praha v rokoch 1990 až 1992 podľa upravenej metodiky testovania inovácií SRN, Rakúska a ďalších štátov OECD. Porovnanie inovačn...
Saved in:
| Main Author: | |
|---|---|
| Format: | Book Chapter |
| Language: | Czech |
| Subjects: | |
| Tags: |
No Tags, Be the first to tag this record!
|
MARC
| LEADER | 00000naa a2200000 4500 | ||
|---|---|---|---|
| 001 | r011881 | ||
| 005 | 20220826094854.5 | ||
| 041 | 0 | |a cze | |
| 044 | |a CZ | ||
| 245 | 1 | 0 | |a Srovnání inovační činnosti průmyslových podniků v letech 1989 až 1991. |c J. Kučera |
| 520 | |a Prehľad základných analytických záverov troch dotazníkových prieskumov o celkovej inovačnej činnosti podnikov spracovateľského priemyslu, ktorú uskutočnil INFOSTAT, pobočka Praha v rokoch 1990 až 1992 podľa upravenej metodiky testovania inovácií SRN, Rakúska a ďalších štátov OECD. Porovnanie inovačnej činnosti podnikov spracovateľského priemyslu pred zahájením ekonomickej reformy v r. 1989 a po jej zahájení v r. 1990 a 1991. | ||
| 610 | 2 | 0 | |a inovácia |
| 610 | 2 | 0 | |a podnik priemyselný |
| 610 | 2 | 0 | |a 1989-1991 |
| 610 | 2 | 0 | |a porovnanie štatistické |
| 610 | 2 | 0 | |a zisťovanie štatistické |
| 610 | 2 | 0 | |a priemysel spracovateľský |
| 610 | 2 | 0 | |a reformy hospodárske |
| 610 | 2 | 0 | |a Čechy |
| 610 | 2 | 0 | |a metodika |
| 610 | 2 | 0 | |a INFOSTAT Praha |
| 100 | 1 | |a Kučera, J. | |